| 000 | 01029nam0a22002771 4500 | ||
|---|---|---|---|
| 001 | rc\2769701 | ||
| 005 | 20250806204209.0 | ||
| 035 | _a(NLR Aleph) 006896093 | ||
| 090 |
_a54523 _c54523 |
||
| 100 | _a20110915d1941 u y0rusy50 ca | ||
| 101 | 0 | _arus | |
| 102 | _aRU | ||
| 105 | _aa z ||||| | ||
| 200 | 1 |
_aЛисичка-сестричка и волк _fРис. Н. Билибина _gРед. А. Браун-Гербо _gНКМП-РСФСР-ЛОУМП |
|
| 210 |
_a[Ленинград] _cФабрика Печатных игр _d1941 |
||
| 215 |
_a12 с. на 1-ой складной папке _cил. _d27 см. |
||
| 702 | 1 |
_aБилибин _bИ. Я. _cхудожник _f1876-1942 _gИван Яковлевич _3RU\NLR\AUTH\7710265 _4440 |
|
| 702 | 1 |
_aБраун-Гербо _bА. _4340 |
|
| 801 | 0 |
_aRU _bNLR _gpsbo |
|
| 801 | 1 |
_aRU _bELAR _2rusmarc |
|
| 852 |
_aNLR _jДл02 Г-8/28 |
||
| 942 | _cBOOK | ||
| 945 | _aРоссийская национальная библиотека | ||
| 980 | _aNB | ||
| 980 | _aBV | ||